00757nam a2200229Ia 4500003000900000008004100009040001300050040001300063041000900076100002700085100000900112245010000121250001000221260003400231260000900265300001100274300001000285490000600295942000700301999001700308952020200325IT-RoPAU120407s9999 xx 000 0 und d aIT-RoPAU cIT-RoPAU alat  aHenricus A S. Theresis cccd. aNotio Sacrificii in comuni, in syntesi S. Thomae. (Extractus ex Period. teresianum 1934, maio.) aRomae aApud Collegium Internazionale c1934 a178 p. c24 cm v1 cBK c27341d27341 00102ddc406230_400000000000000_671aPAULUSbPAULUSd2012-04-11l0o230.4.6r2012-04-11 00:00:00w2012-04-11yBKzInserito da: LUCIA In data: 02 settembre 2011 fondo: Via A.Severo 56 Progr:27262